Paper engineering (Record no. 42813)

MARC details
000 -Etiqueta do registo
Valores 00406nam a2200157 4500
100 ## - Dados gerais de processamento
Dados gerais 20240305 pory50
101 ## - Língua de publicação
Língua ing
102 ## - País de publicação
País RU
200 ## - Titulo e menção de responsabilidade
Título próprio Paper engineering
Informação de outro título 3-D design techniques for a 2-D material
Primeira menção de responsabilidade Natalie Avella
210 ## - Publicação
Local de publicação Hove , East Sussex
Nome do editor Roto Vision
Data de publicação cop. 2009
215 ## - Descrição física 
Paginação / Volumes 175 , [1] p.
675 ## - CDU
Notação 003.5
801 ## - Fonte de origem
País PT
Regras de catalogação RPC
990 ## - Elementos KOHA
Tipo de documento Livro
Holdings
Aquisição Empréstimo Código de barras Cota Permissão de empréstimo Tipo de documento
Biblioteca Escolar Doutor Hernâni Cidade Biblioteca Escolar Doutor Hernâni Cidade 56113 003.5 MAT. ESCRITA   Livro

Powered by Koha